00426 2200157 4500245005900000020002200059700002400081700002000105100001900125650001800144005001900162260004500181041001400226084000800240300002000248 aTHE KILLING KIND ; sang pemangsacConnolly, JohnhText a978-602-03-0917-0 aRini Nurul Badariah aBarokah Ruziati aConnolly, John aNovel Misteri a20241216135933 aJakartabPT Gramedia Pustaka Utamac2014 aIndonesia a823 a464 hlm :c20cm